[Event "European Youth Chess Championship G14"]
[Site "Prague, Top Hotel Prague"]
[Date "2012.08.20"]
[Round "4.29"]
[White "Vasova, Maria"]
[Black "Liscinska, Jana"]
[Result "1-0"]
[WhiteElo "1804"]
[BlackElo "1589"]
[PlyCount "203"]
[EventDate "2012.08.17"]

1. e4 c6 2. d4 d5 3. Nc3 dxe4 4. Nxe4 Bf5 5. Ng3 Bg6 6. Nf3 h6 7. Bc4 Nd7 8. c3
e6 9. Bf4 Ngf6 10. O-O Be7 11. Ne5 Nxe5 12. Bxe5 O-O 13. Re1 Qb6 14. Qb3 Qxb3
15. Bxb3 Nd5 16. Ne4 b6 17. Nd2 Rfd8 18. Bg3 c5 19. Nf3 Rac8 20. Ne5 Bf5 21.
dxc5 Bxc5 22. Rad1 Nf6 23. Ba4 Ne4 24. Bd7 Rc7 25. Ba4 Rxd1 26. Rxd1 Nxg3 27.
hxg3 Be7 28. g4 Be4 29. f3 Bd5 30. a3 a6 31. Kf2 b5 32. Bc2 Bf6 33. Nd3 Rc8 34.
Nb4 Bb7 35. Rd7 Rb8 36. Nd3 Bd5 37. Nc5 a5 38. Bd3 Rc8 39. Nb7 Bc6 40. Rxf7
Kxf7 41. Nd6+ Kf8 42. Nxc8 Bd8 43. Nd6 b4 44. axb4 axb4 45. Ke2 bxc3 46. bxc3
Bc7 47. Nc4 Bg3 48. Nd2 Ke7 49. Be4 Bd7 50. Kd3 Kf6 51. Bb7 Bf4 52. Ne4+ Ke5
53. c4 g5 54. Ba6 Bc6 55. Nc3 Kd6 56. Bb5 Bb7 57. Na4 Kc7 58. Nc5 Bc8 59. Kd4
Bg3 60. Nd3 Bb7 61. c5 Bd5 62. Bc4 Bxc4 63. Kxc4 Kc6 64. Nb4+ Kb7 65. Kb5 Bf4
66. c6+ Kc8 67. Na6 Be3 68. Nc5 Kc7 69. Nxe6+ Kd6 70. Nd8 Ke7 71. Nb7 Ba7 72.
Ka6 Bd4 73. Na5 Kd8 74. Kb7 Be5 75. Nc4 Bc7 76. Ne3 Ba5 77. Nd5 Ke8 78. c7 Bxc7
79. Kxc7 Kf7 80. Kd6 Kg6 81. Ne7+ Kf7 82. Nf5 Kg6 83. Nxh6 Kxh6 84. Ke5 Kg6 85.
Ke6 Kg7 86. Kf5 Kh6 87. Kf6 Kh7 88. Kxg5 Kg7 89. f4 Kh7 90. f5 Kg7 91. f6+ Kh7
92. Kf5 Kg8 93. g5 Kf8 94. g6 Kg8 95. Ke6 Kf8 96. g7+ Kg8 97. f7+ Kxg7 98. Ke7
Kh8 99. f8=Q+ Kh7 100. Qf5+ Kh6 101. Qg4 Kh7 102. Kf6 1-0

[Event "European Youth Chess Championship G14"]
[Site "Prague, Top Hotel Prague"]
[Date "2012.08.20"]
[Round "4.30"]
[White "Babic, Tijana"]
[Black "Lahav, Michal"]
[Result "0-1"]
[WhiteElo "1566"]
[BlackElo "1744"]
[PlyCount "86"]
[EventDate "2012.08.17"]

1. e4 e6 2. d4 d5 3. e5 c5 4. c3 Nc6 5. Nf3 Qb6 6. Bd3 Bd7 7. Bc2 cxd4 8. cxd4
Nb4 9. O-O Nxc2 10. Qxc2 Rc8 11. Nc3 Ne7 12. g4 Nc6 13. Be3 Be7 14. Qd2 Na5 15.
b3 O-O 16. Rfc1 Bb4 17. Rc2 Nc6 18. a3 Be7 19. b4 f5 20. exf6 Bxf6 21. Na4 Qd8
22. Nc5 b6 23. Nd3 Qe8 24. Nde5 Bxe5 25. Nxe5 Nxe5 26. dxe5 Qg6 27. Rxc8 Qxg4+
28. Kh1 Bxc8 29. Qd4 Qf3+ 30. Kg1 Bb7 31. Rc1 Qh3 32. Rc3 Ba6 33. Qd1 Rf3 34.
Rc1 Qg4+ 35. Kh1 Qe4 36. Kg1 Rh3 37. Qa4 Qg6+ 38. Kh1 Bc4 39. Qxa7 Qe4+ 40. Kg1
Qg6+ 41. Kh1 Rf3 42. Qb8+ Rf8 43. Qxb6 Be2 0-1

[Event "European Youth Chess Championship G14"]
[Site "Prague, Top Hotel Prague"]
[Date "2012.08.20"]
[Round "4.31"]
[White "Stallinger, Vanessa"]
[Black "Suchomelova, Simona"]
[Result "0-1"]
[WhiteElo "1550"]
[BlackElo "1742"]
[PlyCount "102"]
[EventDate "2012.08.17"]

1. e4 e5 2. Nf3 Nc6 3. Bb5 a6 4. Ba4 Nf6 5. O-O Be7 6. Re1 b5 7. Bb3 d6 8. c3
O-O 9. h3 Nb8 10. d4 Nbd7 11. Nbd2 Bb7 12. Bc2 Re8 13. Nf1 Bf8 14. Ng3 g6 15.
Bg5 h6 16. Bd2 c6 17. Qc1 Kh7 18. Nh2 Nb6 19. f4 exd4 20. cxd4 Bg7 21. f5 Nfd7
22. Nf3 c5 23. dxc5 dxc5 24. h4 Nc4 25. Rb1 Nxd2 26. Qxd2 Ne5 27. fxg6+ fxg6
28. Qxd8 Rexd8 29. Re2 c4 30. h5 gxh5 31. Nxh5 Bh8 32. Nxe5 Bxe5 33. Rf1 Rf8
34. Nf6+ Kg7 35. Ng4 Bxb2 36. e5 Bd4+ 37. Nf2 Rxf2 38. Rfxf2 Rf8 39. e6 Rxf2
40. Rxf2 Bxf2+ 41. Kxf2 Kf6 42. g4 Kxe6 43. Kg3 Ke5 44. Kh4 Be4 45. Bd1 c3 46.
Kh5 c2 47. Bxc2 Bxc2 48. Kxh6 b4 49. g5 Bb1 50. a3 bxa3 51. g6 Bxg6 0-1

[Event "European Youth Chess Championship G14"]
[Site "Prague, Top Hotel Prague"]
[Date "2012.08.20"]
[Round "4.32"]
[White "Rouffignac, Marie"]
[Black "Vangsgaard, Freja"]
[Result "1-0"]
[WhiteElo "1715"]
[BlackElo "1550"]
[PlyCount "111"]
[EventDate "2012.08.17"]

1. e4 d5 2. exd5 Qxd5 3. Nc3 Qa5 4. Bc4 Nf6 5. d3 Bf5 6. Nge2 c6 7. h3 e6 8. g4
Bg6 9. Nf4 Bb4 10. Bd2 Qe5+ 11. Qe2 Bxc3 12. bxc3 Qxe2+ 13. Kxe2 Nbd7 14. Nxg6
hxg6 15. Rab1 O-O-O 16. Be3 b6 17. a4 Kc7 18. Bf4+ Kb7 19. f3 Nd5 20. Bxd5 exd5
21. a5 Nc5 22. axb6 axb6 23. Kd2 Ne6 24. Be3 c5 25. h4 Rh7 26. Rb2 Rd6 27. Bf2
Rc6 28. Ra1 Rc8 29. Rab1 Rc6 30. Ra2 Nc7 31. Bg3 Rh8 32. Ra3 Ra8 33. Rxa8 Nxa8
34. Re1 Rf6 35. Re7+ Kc8 36. Ra7 Rxf3 37. Rxa8+ Kb7 38. Rb8+ Ka7 39. Bc7 Rf2+
40. Kd1 Rf1+ 41. Ke2 Rg1 42. Kd2 Rh1 43. Rh8 g5 44. Bd8 Rh2+ 45. Kc1 gxh4 46.
Rxh4 Rxh4 47. Bxh4 Kb7 48. Kd2 Kc6 49. c4 d4 50. Bd8 b5 51. cxb5+ Kxb5 52. c4+
dxc3+ 53. Kxc3 f6 54. Be7 Kc6 55. Kc4 Kb6 56. Bxc5+ 1-0

[Event "European Youth Chess Championship G14"]
[Site "Prague, Top Hotel Prague"]
[Date "2012.08.20"]
[Round "4.33"]
[White "Kyrkjebo, Hanna B"]
[Black "Bohanesova, Vendula"]
[Result "1/2-1/2"]
[WhiteElo "1546"]
[BlackElo "1653"]
[PlyCount "99"]
[EventDate "2012.08.17"]

1. e4 e6 2. d4 d5 3. Nd2 c5 4. exd5 Qxd5 5. Ngf3 Nc6 6. Bc4 Qd7 7. O-O Nf6 8.
Nb3 cxd4 9. Nbxd4 a6 10. Nxc6 Qxc6 11. Bb3 Bd6 12. Be3 O-O 13. Qe2 b5 14. Bd4
Nd5 15. Qe4 Rd8 16. Ng5 g6 17. Qh4 h5 18. Bxd5 Qxd5 19. Nf3 Re8 20. Qf6 e5 21.
Be3 Qe6 22. Qg5 Qf5 23. Qxf5 Bxf5 24. Rad1 Bf8 25. c3 f6 26. Rd2 Rad8 27. Rfd1
Be7 28. Bb6 Rxd2 29. Rxd2 Rb8 30. Be3 Rd8 31. Nh4 Rxd2 32. Bxd2 Bb1 33. a3 g5
34. Nf3 g4 35. Ne1 f5 36. g3 h4 37. Ng2 hxg3 38. hxg3 Kf7 39. Ne3 Ke6 40. Kf1
Be4 41. Ng2 Kd5 42. Ne3+ Kc5 43. Ke1 Bg5 44. Kd1 Bxe3 45. Bxe3+ Kc4 46. Kd2 Kb3
47. Kc1 Bf3 48. Bg5 Kc4 49. Kd2 Kb3 50. Kc1 1/2-1/2

[Event "European Youth Chess Championship G14"]
[Site "Prague, Top Hotel Prague"]
[Date "2012.08.20"]
[Round "4.34"]
[White "Kanakova, Natalka"]
[Black "Dzurjaninova, Hana"]
[Result "0-1"]
[WhiteElo "1652"]
[BlackElo "1544"]
[PlyCount "100"]
[EventDate "2012.08.17"]

1. e4 e6 2. d4 d5 3. Nc3 dxe4 4. Nxe4 Nd7 5. Nf3 Ngf6 6. Bg5 h6 7. Nxf6+ Nxf6
8. Bd3 Be7 9. c3 Bd7 10. Qc2 Bc6 11. O-O-O Ne4 12. Bxe4 Bxg5+ 13. Kb1 Bxe4 14.
Qxe4 c6 15. h4 Bf6 16. g4 Rf8 17. Qf4 g5 18. Qe3 Qe7 19. c4 O-O-O 20. hxg5 Bxg5
21. Nxg5 Qxg5 22. Rxh6 Qxg4 23. f3 Qf5+ 24. Ka1 Kb8 25. Rdh1 Rg8 26. b3 Qg5 27.
Qf2 Rd7 28. R6h4 Qf6 29. Qh2+ Kc8 30. Rf4 Qg7 31. Rg4 Qf8 32. Rxg8 Qxg8 33. Qh8
Qd8 34. Qxd8+ Kxd8 35. Rh4 Ke7 36. Kb2 b6 37. Kc3 Rd8 38. a4 Rg8 39. Kb4 a5+
40. Kc3 Kd6 41. b4 c5 42. dxc5+ bxc5 43. bxc5+ Kxc5 44. Re4 Rg5 45. Re3 Rf5 46.
Rd3 Rf4 47. Kb3 Rxc4 48. Re3 Rb4+ 49. Ka3 Kd5 50. Rd3+ Rd4 0-1

[Event "European Youth Chess Championship G14"]
[Site "Prague, Top Hotel Prague"]
[Date "2012.08.20"]
[Round "4.35"]
[White "Pashkuridze, Tamar"]
[Black "Kubicka, Anna"]
[Result "0-1"]
[WhiteElo "1538"]
[BlackElo "1642"]
[PlyCount "57"]
[EventDate "2012.08.17"]

1. d4 d5 2. Nf3 c6 3. e3 Nf6 4. c4 a6 5. Nc3 b5 6. c5 Bg4 7. Be2 e6 8. a3 Be7
9. h3 Bxf3 10. Bxf3 O-O 11. b4 a5 12. Bb2 Na6 13. Qb3 Qc7 14. O-O Ra7 15. Rfe1
Rfa8 16. Na2 h6 17. Bc3 g6 18. bxa5 Kg7 19. Nb4 Nb8 20. Nd3 Nbd7 21. Ra2 Nh7
22. Rea1 Ng5 23. Be2 Rb7 24. Qc2 e5 25. a4 exd4 26. exd4 bxa4 27. Rxa4 Rxa5 28.
Rxa5 Bf6 29. f3 {Pochybìjícím 19.tahu oubou hráèek, nenalezen 19.tah èerné,
nerozlustitelné pokraèování.} 0-1

[Event "European Youth Chess Championship G14"]
[Site "Prague, Top Hotel Prague"]
[Date "2012.08.20"]
[Round "4.37"]
[White "Kafetzi, Angeliki"]
[Black "Serpetsidaki, Eva"]
[Result "1-0"]
[WhiteElo "1687"]
[BlackElo "1408"]
[PlyCount "59"]
[EventDate "2012.08.17"]

1. Nf3 Nf6 2. b3 g6 3. Bb2 Bg7 4. d4 d6 5. c4 O-O 6. e3 Na6 7. Nc3 c5 8. Be2
Bd7 9. O-O e6 10. Qd2 Qe7 11. Rad1 Rfd8 12. Rfe1 Nc7 13. Qc2 Bc6 14. e4 d5 15.
exd5 exd5 16. cxd5 Nfxd5 17. Bc4 Qf8 18. dxc5 Qxc5 19. Ne4 Qf8 20. Ne5 Bb5 21.
Bxb5 Nxb5 22. Qc4 Nbc7 23. Qc1 Ne6 24. Ba3 Nb4 25. Nd7 Qe7 26. Nec5 a5 27. Nxe6
fxe6 28. Nb6 Ra6 29. Nd5 Qe8 30. Nc7 1-0

[Event "European Youth Chess Championship G14"]
[Site "Prague, Top Hotel Prague"]
[Date "2012.08.20"]
[Round "4.38"]
[White "Beluska, Tereza"]
[Black "Chepelnikova, Maria"]
[Result "1-0"]
[WhiteElo "1496"]
[BlackElo "1655"]
[PlyCount "77"]
[EventDate "2012.08.17"]

1. e4 c5 2. Nf3 a6 3. d4 cxd4 4. Nxd4 Nf6 5. Nc3 e5 6. Nf3 Bb4 7. Bd3 Bxc3+ 8.
bxc3 d6 9. O-O O-O 10. Ba3 Re8 11. c4 Qc7 12. h3 Nbd7 13. Rb1 Nc5 14. Re1 h6
15. Nd2 Qc6 16. f3 Na4 17. Rb3 Be6 18. Nf1 b5 19. Be2 bxc4 20. Re3 Red8 21. Qa1
Nh5 22. Rb1 Nf4 23. Bd1 a5 24. Nd2 Rab8 25. h4 g5 26. hxg5 hxg5 27. g3 Nh5 28.
Kg2 Kh8 29. Be2 c3 30. Nb3 Qb6 31. Rd3 Bc4 32. Re3 Qxe3 33. Bxc4 Qb6 34. Bxf7
Nf6 35. Rh1+ Kg7 36. Be6 Rh8 37. Qc1 Nh5 38. Qxg5+ Kf8 39. Qf5+ 1-0

[Event "European Youth Chess Championship G14"]
[Site "Prague, Top Hotel Prague"]
[Date "2012.08.20"]
[Round "4.39"]
[White "Meszarosova, Eva"]
[Black "Ajanovic, Berina"]
[Result "1-0"]
[WhiteElo "1580"]
[BlackElo "1393"]
[PlyCount "33"]
[EventDate "2012.08.17"]

1. e4 c5 2. Nf3 Nc6 3. d4 cxd4 4. Nxd4 g6 5. Nc3 Bg7 6. Be3 Nf6 7. Bc4 Qa5 8.
f3 Qb4 9. Nxc6 Qxb2 10. Bd4 dxc6 11. Nd5 Qa3 12. Nc7+ Kf8 13. Qd2 Rb8 14. Bc5
Nd5 15. Bxa3 Bc3 16. exd5 Bxd2+ 17. Kxd2 1-0